[Event "1st 4NCL Easter Congress"]
[Site "Stevenage"]
[Date "2019.04.21"]
[Round "4"]
[Board "7"]
[White "Merriman, John"]
[Black "Mccullough, Simon L"]
[Result "1/2-1/2"]
[WhiteElo "2238"]
[BlackElo "2083"]
[PlyCount "0"]
[EventDate "2019.04.19"]
[EventRounds "7"]
[EventCountry "ENG"]

1. d4 {[%clk 01:30:57]} {[%emt 00:00:05]} Nf6 {[%clk 01:26:10]} {[%emt
00:04:49]} 2. c4 {[%clk 01:31:22]} {[%emt 00:00:05]} e6 {[%clk 01:26:34]}
{[%emt 00:00:05]} 3. Nc3 {[%clk 01:31:47]} {[%emt 00:00:05]} d5 {[%clk
01:27:00]} {[%emt 00:00:04]} 4. Bg5 {[%clk 01:32:09]} {[%emt 00:00:08]} Be7
{[%clk 01:27:24]} {[%emt 00:00:06]} 5. e3 {[%clk 01:31:37]} {[%emt 00:01:01]}
O-O {[%clk 01:26:38]} {[%emt 00:01:16]} 6. Qc2 {[%clk 01:29:13]} {[%emt
00:02:55]} h6 {[%clk 01:18:00]} {[%emt 00:09:09]} 7. Bh4 {[%clk 01:29:09]}
{[%emt 00:00:32]} c6 {[%clk 01:15:07]} {[%emt 00:03:24]} 8. Nf3 {[%clk
01:28:52]} {[%emt 00:00:46]} Nbd7 {[%clk 01:14:28]} {[%emt 00:01:10]} 9. a3
{[%clk 01:27:35]} {[%emt 00:01:48]} a5 {[%clk 01:10:11]} {[%emt 00:04:46]} 10.
cxd5 {[%clk 01:22:44]} {[%emt 00:05:21]} exd5 {[%clk 01:10:13]} {[%emt
00:00:28]} 11. Bd3 {[%clk 01:22:55]} {[%emt 00:00:19]} Re8 {[%clk 01:00:29]}
{[%emt 00:10:14]} 12. O-O {[%clk 01:23:03]} {[%emt 00:00:22]} Nf8 {[%clk
00:49:01]} {[%emt 00:11:58]} 13. Rab1 {[%clk 01:19:37]} {[%emt 00:03:55]} Be6
{[%clk 00:45:04]} {[%emt 00:04:27]} 14. b4 {[%clk 01:17:50]} {[%emt 00:02:18]}
axb4 {[%clk 00:45:30]} {[%emt 00:00:05]} 15. axb4 {[%clk 01:18:15]} {[%emt
00:00:05]} N6d7 {[%clk 00:27:40]} {[%emt 00:18:19]} 16. Bg3 {[%clk 01:17:52]}
{[%emt 00:00:52]} Nb6 {[%clk 00:22:40]} {[%emt 00:05:30]} 17. b5 {[%clk
01:10:50]} {[%emt 00:07:33]} c5 {[%clk 00:22:31]} {[%emt 00:00:39]} 18. dxc5
{[%clk 01:00:18]} {[%emt 00:11:02]} Bxc5 {[%clk 00:22:58]} {[%emt 00:00:03]} 19.
Nd4 {[%clk 01:00:29]} {[%emt 00:00:18]} Bxd4 {[%clk 00:21:16]} {[%emt
00:02:12]} 20. exd4 {[%clk 01:00:42]} {[%emt 00:00:18]} Rc8 {[%clk 00:21:39]}
{[%emt 00:00:07]} 21. Ra1 {[%clk 00:52:14]} {[%emt 00:08:58]} Qf6 {[%clk
00:14:29]} {[%emt 00:07:40]} 22. Be5 {[%clk 00:44:45]} {[%emt 00:07:58]} Qh4
{[%clk 00:14:37]} {[%emt 00:00:23]} 23. Rfd1 {[%clk 00:40:44]} {[%emt
00:04:31]} Nfd7 {[%clk 00:12:16]} {[%emt 00:02:51]} 24. Bg3 {[%clk 00:39:58]}
{[%emt 00:01:16]} Qe7 {[%clk 00:12:07]} {[%emt 00:00:40]} 25. Qb3 {[%clk
00:38:28]} {[%emt 00:01:58]} Ra8 {[%clk 00:10:17]} {[%emt 00:02:21]} 26. h3
{[%clk 00:36:03]} {[%emt 00:02:55]} Rec8 {[%clk 00:07:52]} {[%emt 00:02:56]} 27.
Be2 {[%clk 00:32:02]} {[%emt 00:04:29]} Nf6 {[%clk 00:05:32]} {[%emt 00:02:51]}
28. Bf3 {[%clk 00:24:43]} {[%emt 00:07:49]} Qd7 {[%clk 00:04:40]} {[%emt
00:01:22]} 29. Be5 {[%clk 00:13:05]} {[%emt 00:12:08]} Rxa1 {[%clk 00:04:53]}
{[%emt 00:00:18]} 30. Rxa1 {[%clk 00:13:29]} {[%emt 00:00:05]} Ne4 {[%clk
00:05:21]} {[%emt 00:00:02]} 31. Rc1 {[%clk 00:09:03]} {[%emt 00:09:08]}
 1/2-1/2

[Event "1st 4NCL Easter Congress"]
[Site "Stevenage"]
[Date "2019.04.21"]
[Round "4"]
[Board "8"]
[White "Britton, Richard"]
[Black "Verma, Aditya"]
[Result "0-1"]
[WhiteElo "2181"]
[BlackElo "2071"]
[PlyCount "0"]
[EventDate "2019.04.19"]
[EventRounds "7"]
[EventCountry "ENG"]

1. e4 {[%clk 01:30:56]} {[%emt 00:00:06]} c5 {[%clk 01:30:54]} {[%emt
00:00:04]} 2. Nf3 {[%clk 01:31:22]} {[%emt 00:00:04]} d6 {[%clk 01:31:19]}
{[%emt 00:00:04]} 3. d4 {[%clk 01:30:39]} {[%emt 00:01:13]} cxd4 {[%clk
01:31:44]} {[%emt 00:00:05]} 4. Nxd4 {[%clk 01:31:07]} {[%emt 00:00:02]} Nf6
{[%clk 01:32:06]} {[%emt 00:00:08]} 5. Nc3 {[%clk 01:31:33]} {[%emt 00:00:04]}
g6 {[%clk 01:32:31]} {[%emt 00:00:05]} 6. g3 {[%clk 01:30:54]} {[%emt
00:01:09]} Bg7 {[%clk 01:32:40]} {[%emt 00:00:22]} 7. Bg2 {[%clk 01:31:18]}
{[%emt 00:00:05]} O-O {[%clk 01:33:02]} {[%emt 00:00:08]} 8. O-O {[%clk
01:31:44]} {[%emt 00:00:05]} Bd7 {[%clk 01:33:11]} {[%emt 00:00:20]} 9. Nde2
{[%clk 01:24:01]} {[%emt 00:08:13]} Nc6 {[%clk 01:33:24]} {[%emt 00:00:17]} 10.
h3 {[%clk 01:17:50]} {[%emt 00:06:41]} a6 {[%clk 01:31:41]} {[%emt 00:02:13]}
11. a4 {[%clk 01:14:20]} {[%emt 00:04:00]} Rc8 {[%clk 01:31:34]} {[%emt
00:00:36]} 12. Bg5 {[%clk 01:13:14]} {[%emt 00:01:37]} Ne5 {[%clk 01:26:47]}
{[%emt 00:05:16]} 13. b3 {[%clk 01:11:42]} {[%emt 00:02:03]} Bxh3 {[%clk
01:02:21]} {[%emt 00:24:55]} 14. Bxh3 {[%clk 00:57:38]} {[%emt 00:14:35]} Nf3+
{[%clk 01:02:33]} {[%emt 00:00:19]} 15. Kg2 {[%clk 00:58:02]} {[%emt 00:00:05]}
Nxg5 {[%clk 01:03:00]} {[%emt 00:00:03]} 16. Bxc8 {[%clk 00:58:27]} {[%emt
00:00:06]} Qxc8 {[%clk 01:03:25]} {[%emt 00:00:05]} 17. f3 {[%clk 00:57:38]}
{[%emt 00:01:18]} Qh3+ {[%clk 00:51:21]} {[%emt 00:12:33]} 18. Kf2 {[%clk
00:46:08]} {[%emt 00:12:01]} Qh2+ {[%clk 00:45:57]} {[%emt 00:05:53]} 19. Ke3
{[%clk 00:45:36]} {[%emt 00:01:02]} Rc8 {[%clk 00:42:07]} {[%emt 00:04:20]} 20.
Rh1 {[%clk 00:31:34]} {[%emt 00:14:32]} Rxc3+ {[%clk 00:41:04]} {[%emt
00:01:34]} 21. Nxc3 {[%clk 00:31:17]} {[%emt 00:00:47]} Qxg3 {[%clk 00:40:43]}
{[%emt 00:00:51]}  0-1

[Event "1st 4NCL Easter Congress"]
[Site "Stevenage"]
[Date "2019.04.21"]
[Round "4"]
[Board "9"]
[White "Luberto, Michael"]
[Black "Miller, Dominic"]
[Result "0-1"]
[WhiteElo "1930"]
[BlackElo "2164"]
[PlyCount "0"]
[EventDate "2019.04.19"]
[EventRounds "7"]
[EventCountry "ENG"]

1. e4 {[%clk 01:19:37]} {[%emt 00:11:22]} e6 {[%clk 01:30:55]} {[%emt
00:00:06]} 2. d4 {[%clk 01:19:50]} {[%emt 00:00:18]} d5 {[%clk 01:31:21]}
{[%emt 00:00:04]} 3. Nc3 {[%clk 01:19:30]} {[%emt 00:00:49]} Nf6 {[%clk
01:31:34]} {[%emt 00:00:17]} 4. Bg5 {[%clk 01:18:20]} {[%emt 00:01:40]} dxe4
{[%clk 01:31:31]} {[%emt 00:00:34]} 5. Nxe4 {[%clk 01:18:28]} {[%emt 00:00:21]}
Be7 {[%clk 01:31:57]} {[%emt 00:00:04]} 6. Bxf6 {[%clk 01:18:35]} {[%emt
00:00:24]} Bxf6 {[%clk 01:27:33]} {[%emt 00:04:54]} 7. Nf3 {[%clk 01:18:36]}
{[%emt 00:00:28]} Nd7 {[%clk 01:27:40]} {[%emt 00:00:23]} 8. Bd3 {[%clk
01:14:42]} {[%emt 00:04:23]} O-O {[%clk 01:22:26]} {[%emt 00:05:45]} 9. O-O
{[%clk 01:14:09]} {[%emt 00:01:03]} b6 {[%clk 01:18:54]} {[%emt 00:04:02]} 10.
Qe2 {[%clk 01:05:08]} {[%emt 00:09:31]} Bb7 {[%clk 01:16:41]} {[%emt 00:02:43]}
11. Rad1 {[%clk 01:03:32]} {[%emt 00:02:06]} h6 {[%emt 00:10:40]} 12. Rfe1
{[%clk 00:58:57]} Qe7 {[%clk 01:08:13]} {[%emt 00:03:53]} 13. Bb5 {[%clk
00:56:51]} {[%emt 00:02:36]} c6 {[%clk 01:04:23]} {[%emt 00:04:20]} 14. Ba4
{[%clk 00:54:11]} {[%emt 00:03:11]} Rfd8 {[%clk 01:00:14]} {[%emt 00:04:39]} 15.
c3 {[%clk 00:52:51]} {[%emt 00:01:50]} Rac8 {[%clk 00:58:01]} {[%emt 00:02:43]}
16. Ng3 {[%clk 00:41:02]} {[%emt 00:12:18]} g6 {[%clk 00:49:56]} {[%emt
00:08:35]} 17. Qe3 {[%clk 00:41:13]} {[%emt 00:00:18]} Bg7 {[%clk 00:48:48]}
{[%emt 00:01:39]} 18. h4 {[%clk 00:41:41]} {[%emt 00:00:03]} Nf6 {[%clk
00:45:19]} {[%emt 00:03:59]} 19. h5 {[%clk 00:41:55]} {[%emt 00:00:15]} Nxh5
{[%clk 00:40:25]} {[%emt 00:05:25]} 20. Nxh5 {[%clk 00:42:03]} {[%emt
00:00:22]} gxh5 {[%clk 00:40:52]} {[%emt 00:00:03]} 21. Bc2 {[%clk 00:38:05]}
{[%emt 00:04:28]} c5 {[%clk 00:35:33]} {[%emt 00:05:49]} 22. d5 {[%clk
00:34:20]} {[%emt 00:04:14]} Bxd5 {[%clk 00:28:21]} {[%emt 00:07:43]} 23. Rxd5
{[%clk 00:34:08]} {[%emt 00:00:43]} Rxd5 {[%clk 00:28:42]} {[%emt 00:00:09]} 24.
Qe4 {[%clk 00:34:37]} Qf6 {[%clk 00:26:02]} {[%emt 00:03:10]} 25. Bb3 {[%clk
00:31:49]} {[%emt 00:03:18]} Rf5 {[%clk 00:25:03]} {[%emt 00:01:28]} 26. Qb7
{[%clk 00:32:18]} {[%emt 00:00:02]} Rd8 {[%clk 00:23:36]} {[%emt 00:01:57]} 27.
Re3 {[%clk 00:29:38]} {[%emt 00:03:10]} h4 {[%clk 00:17:00]} {[%emt 00:07:06]}
28. Kh2 {[%clk 00:29:53]} {[%emt 00:00:15]} Bf8 {[%clk 00:14:07]} {[%emt
00:03:23]} 29. Kh3 {[%clk 00:28:48]} {[%emt 00:01:35]} Rf4 {[%clk 00:10:53]}
{[%emt 00:03:44]} 30. g3 {[%clk 00:20:39]} {[%emt 00:08:39]} Qf5+ {[%clk
00:08:04]} {[%emt 00:03:19]} 31. Kh2 {[%clk 00:18:31]} {[%emt 00:02:38]} hxg3+
{[%clk 00:07:40]} {[%emt 00:00:55]} 32. fxg3 {[%clk 00:18:58]} {[%emt
00:00:02]} Bd6 {[%clk 00:06:51]} {[%emt 00:01:19]} 33. Kg2 {[%clk 00:18:45]}
{[%emt 00:00:43]} Rg4 {[%clk 00:07:08]} {[%emt 00:00:13]} 34. Nh2 {[%clk
00:18:44]} {[%emt 00:00:30]} Rg5 {[%clk 00:02:54]} {[%emt 00:04:46]} 35. Nf1
{[%clk 00:18:55]} {[%emt 00:00:18]} Qg6 {[%clk 00:02:36]} {[%emt 00:00:48]} 36.
Qe4 {[%clk 00:15:51]} {[%emt 00:03:34]} Qxe4+ {[%clk 00:02:36]} {[%emt
00:00:30]} 37. Rxe4 {[%clk 00:16:19]} {[%emt 00:00:03]} Bxg3 {[%clk 00:02:56]}
{[%emt 00:00:10]} 38. Nxg3 {[%clk 00:16:40]} {[%emt 00:00:08]} Rd3 {[%clk
00:03:24]} {[%emt 00:00:03]} 39. Kf2 {[%clk 00:15:49]} {[%emt 00:01:21]} Rdxg3
{[%clk 00:03:46]} {[%emt 00:00:08]} 40. a4 {[%clk 00:15:56]} {[%emt 00:00:23]}
Rg2+ {[%clk 00:04:09]} {[%emt 00:00:06]} 41. Kf3 {[%clk 00:16:14]} {[%emt
00:00:12]} R5g3+ {[%clk 00:04:31]} {[%emt 00:00:08]}  0-1

[Event "1st 4NCL Easter Congress"]
[Site "Stevenage"]
[Date "2019.04.21"]
[Round "4"]
[Board "10"]
[White "Walker, Martin G"]
[Black "Woltery, Nicolai"]
[Result "1-0"]
[WhiteElo "2166"]
[BlackElo "1865"]
[PlyCount "0"]
[EventDate "2019.04.19"]
[EventRounds "7"]
[EventCountry "ENG"]

1. e4 {[%emt 00:31:42]} c5 {[%emt 00:00:06]} 2. Nf3 {[%emt 00:00:03]} Nc6
{[%emt 00:00:06]} 3. Bb5 {[%emt 00:00:07]} g6 {[%emt 00:00:02]} 4. O-O {[%emt
00:00:31]} Bg7 {[%emt 00:00:03]} 5. c3 {[%emt 00:00:19]} Nf6 {[%emt 00:00:30]}
6. e5 {[%emt 00:01:19]} Nd5 {[%emt 00:00:36]} 7. d4 {[%emt 00:00:08]} cxd4
{[%emt 00:02:54]} 8. cxd4 {[%emt 00:00:03]} O-O {[%emt 00:11:48]} 9. Nc3 {[%emt
00:12:21]} Nb6 {[%emt 00:02:36]} 10. Ne4 {[%emt 00:06:23]} a6 {[%emt 00:31:36]}
11. Be2 {[%emt 00:00:06]} Nd5 {[%emt 00:03:17]} 12. Bc4 {[%emt 00:07:49]} Nc7
{[%emt 00:02:28]} 13. Be3 {[%emt 00:13:06]} b5 {[%emt 00:13:06]} 14. Bb3 {[%emt
00:09:02]} Na5 {[%emt 00:05:26]} 15. Bc2 {[%emt 00:00:05]} Bb7 {[%emt
00:01:55]} 16. b3 {[%emt 00:01:24]} Rb8 {[%emt 00:09:31]} 17. Qd2 {[%emt
00:01:32]} Bxe4 {[%emt 00:04:28]} 18. Bxe4 {[%emt 00:00:06]} Nb7 {[%emt
00:00:07]} 19. Rac1 {[%emt 00:09:06]} d5 {[%emt 00:03:24]} 20. Bd3 {[%emt
00:00:05]} Qd7 {[%emt 00:02:22]} 21. Rc2 {[%emt 00:13:22]} Rfc8 {[%emt
00:00:10]} 22. Rfc1 {[%emt 00:00:07]} Ne6 {[%emt 00:01:00]} 23. Qb4 {[%emt
00:00:05]} Bf8 {[%emt 00:00:30]} 24. h3 {[%emt 00:01:55]} Rxc2 {[%emt
00:00:56]} 25. Rxc2 {[%emt 00:00:05]} Nbd8 {[%emt 00:01:08]} 26. a4 {[%emt
00:08:03]} Nc6 {[%emt 00:00:32]} 27. Qc3 {[%emt 00:00:40]} Rc8 {[%emt
00:01:39]} 28. axb5 {[%emt 00:02:20]} Na7 {[%emt 00:00:11]} 29. Qd2 {[%emt
00:00:12]} Rxc2 {[%emt 00:00:26]} 30. Qxc2 {[%emt 00:00:05]} axb5 {[%emt
00:00:17]} 31. h4 {[%emt 00:01:06]} Qc7 {[%emt 00:01:02]} 32. Qb1 {[%emt
00:00:06]} Qb6 {[%emt 00:00:33]} 33. h5 {[%emt 00:00:14]} Nd8 {[%emt 00:00:46]}
34. Ng5 {[%emt 00:05:34]} Bh6 {[%emt 00:01:26]} 35. Nh3 {[%emt 00:03:41]} Bxe3
{[%emt 00:00:35]} 36. fxe3 {[%emt 00:00:04]} gxh5 {[%emt 00:00:29]} 37. Bxh7+
{[%emt 00:00:05]} Kg7 {[%emt 00:00:14]} 38. Nf4 {[%emt 00:01:42]} Qh6 {[%emt
00:00:43]} 39. Bd3 {[%emt 00:00:05]} e6 {[%emt 00:00:47]} 40. Qa1 {[%emt
00:00:53]} Ndc6 {[%emt 00:00:26]} 41. Qc3 {[%emt 00:02:22]} Qh8 42. Qc5 {[%emt
00:00:16]} Kh6 {[%emt 00:00:37]} 43. Bxb5 {[%emt 00:00:42]} Nxb5 {[%emt
00:00:26]} 44. Qxc6 {[%emt 00:00:17]} Qb8 {[%emt 00:00:30]} 45. Qd7 {[%emt
00:00:14]} Qc7 {[%emt 00:00:16]} 46. Qxb5 {[%emt 00:00:18]} Qc1+ {[%emt
00:00:06]} 47. Kf2 {[%emt 00:00:04]} Qh1 {[%emt 00:00:25]} 48. Qe8 {[%emt
00:00:42]} Qh4+ {[%emt 00:00:19]} 49. Kf1 {[%emt 00:00:06]} Qh1+ {[%emt
00:01:10]} 50. Ke2 {[%emt 00:00:04]} Kg5 {[%emt 00:00:44]} 51. Qg8+ {[%emt
00:00:54]} Kh4 {[%emt 00:00:13]} 52. g3# {[%emt 00:01:05]}  1-0

[Event "1st 4NCL Easter Congress"]
[Site "Stevenage"]
[Date "2019.04.21"]
[Round "4"]
[Board "11"]
[White "Moore, Gerald"]
[Black "Burrows, Martin P"]
[Result "1-0"]
[WhiteElo "2045"]
[BlackElo "2146"]
[PlyCount "0"]
[EventDate "2019.04.19"]
[EventRounds "7"]
[EventCountry "ENG"]

1. Nf3 {[%clk 01:30:54]} {[%emt 00:00:06]} Nf6 {[%clk 01:30:54]} {[%emt
00:00:08]} 2. c4 {[%clk 01:31:20]} {[%emt 00:00:02]} e6 {[%clk 01:31:20]}
{[%emt 00:00:06]} 3. g3 {[%clk 01:31:24]} {[%emt 00:00:24]} d5 {[%clk
01:31:44]} {[%emt 00:00:06]} 4. Bg2 {[%clk 01:31:37]} {[%emt 00:00:16]} dxc4
{[%clk 01:32:08]} {[%emt 00:00:07]} 5. Na3 {[%clk 01:30:01]} {[%emt 00:02:06]}
Bxa3 {[%clk 01:32:29]} {[%emt 00:00:09]} 6. bxa3 {[%clk 01:30:26]} {[%emt
00:00:05]} b5 {[%clk 01:32:23]} {[%emt 00:00:36]} 7. a4 {[%clk 01:27:26]}
{[%emt 00:03:31]} a6 {[%clk 01:30:22]} {[%emt 00:02:31]} 8. Ba3 {[%clk
01:03:42]} {[%emt 00:24:14]} Bb7 {[%clk 01:26:53]} {[%emt 00:03:59]} 9. O-O
{[%clk 01:04:03]} {[%emt 00:00:09]} Nbd7 {[%clk 01:26:03]} {[%emt 00:01:20]} 10.
d4 {[%clk 00:54:42]} {[%emt 00:09:51]} cxd3 {[%clk 01:21:10]} {[%emt 00:05:23]}
11. Qxd3 {[%clk 00:54:47]} {[%emt 00:00:25]} c5 {[%clk 01:20:48]} {[%emt
00:00:52]} 12. Rfd1 {[%clk 00:53:16]} {[%emt 00:02:00]} Qb6 {[%clk 01:09:16]}
{[%emt 00:12:02]} 13. Rac1 {[%clk 00:47:25]} {[%emt 00:06:21]} O-O {[%clk
01:06:58]} {[%emt 00:02:48]} 14. Qe3 {[%clk 00:43:18]} {[%emt 00:04:38]} Rac8
{[%clk 01:03:50]} {[%emt 00:03:38]} 15. Qg5 {[%clk 00:41:06]} {[%emt 00:02:42]}
h6 {[%clk 01:02:11]} {[%emt 00:02:09]} 16. Qh4 {[%clk 00:40:23]} {[%emt
00:01:12]} Rfd8 {[%clk 00:52:40]} {[%emt 00:10:01]} 17. Bb2 {[%clk 00:35:41]}
{[%emt 00:05:12]} bxa4 {[%clk 00:44:08]} {[%emt 00:09:03]} 18. Rb1 {[%clk
00:20:48]} {[%emt 00:15:23]} Be4 {[%clk 00:33:36]} {[%emt 00:11:02]} 19. Bxf6
{[%clk 00:21:03]} {[%emt 00:00:15]} Bxb1 {[%clk 00:33:59]} {[%emt 00:00:07]} 20.
Bxd8 {[%clk 00:21:18]} {[%emt 00:00:14]} Rxd8 {[%clk 00:33:15]} {[%emt
00:01:15]} 21. Qe7 {[%clk 00:17:11]} {[%emt 00:04:37]} Be4 {[%clk 00:12:55]}
{[%emt 00:20:50]} 22. Ne5 {[%clk 00:12:10]} {[%emt 00:05:31]} Bxg2 {[%clk
00:12:57]} {[%emt 00:00:28]} 23. Nxd7 {[%clk 00:11:36]} {[%emt 00:01:05]} Rxd7
{[%clk 00:12:46]} {[%emt 00:00:40]} 24. Rxd7 {[%clk 00:11:00]} {[%emt
00:01:05]} Qb1+ {[%clk 00:12:44]} {[%emt 00:00:32]} 25. Kxg2 {[%clk 00:11:23]}
{[%emt 00:00:08]} Qe4+ {[%clk 00:13:09]} {[%emt 00:00:06]} 26. Kh3 {[%clk
00:08:17]} {[%emt 00:03:35]} Qf5+ {[%clk 00:13:38]} {[%emt 00:00:02]} 27. g4
{[%clk 00:08:11]} {[%emt 00:00:36]} Qxf2 {[%clk 00:13:49]} {[%emt 00:00:18]} 28.
Qe8+ {[%clk 00:08:31]} {[%emt 00:00:10]} Kh7 {[%clk 00:14:18]} {[%emt
00:00:01]} 29. Qxf7 {[%clk 00:08:45]} {[%emt 00:00:17]} Qe3+ {[%clk 00:13:36]}
{[%emt 00:01:11]} 30. Qf3 {[%clk 00:08:46]} {[%emt 00:00:29]}  1-0

[Event "1st 4NCL Easter Congress"]
[Site "Stevenage"]
[Date "2019.04.21"]
[Round "4"]
[Board "13"]
[White "Okhai, Shabir"]
[Black "Garnett, John S"]
[Result "1-0"]
[WhiteElo "2073"]
[BlackElo "1921"]
[PlyCount "0"]
[EventDate "2019.04.19"]
[EventRounds "7"]
[EventCountry "ENG"]

1. e4 {[%clk 01:30:58]} d5 {[%clk 01:30:55]} {[%emt 00:00:06]} 2. exd5 {[%clk
01:31:24]} {[%emt 00:00:07]} Nf6 {[%clk 01:31:20]} {[%emt 00:00:02]} 3. d4
{[%clk 01:31:48]} {[%emt 00:00:06]} Bg4 {[%clk 01:31:40]} {[%emt 00:00:10]} 4.
f3 {[%clk 01:32:11]} {[%emt 00:00:06]} Bf5 {[%clk 01:32:00]} {[%emt 00:00:10]}
5. g4 {[%clk 01:32:35]} {[%emt 00:00:07]} Bg6 {[%clk 01:32:09]} {[%emt
00:00:20]} 6. c4 {[%clk 01:33:00]} {[%emt 00:00:05]} e6 {[%clk 01:30:36]}
{[%emt 00:02:04]} 7. Nc3 {[%clk 01:33:03]} {[%emt 00:00:27]} c5 {[%clk
01:27:38]} {[%emt 00:03:28]} 8. Be3 {[%clk 01:17:02]} {[%emt 00:16:30]} cxd4
{[%clk 01:23:57]} {[%emt 00:04:11]} 9. Qxd4 {[%clk 01:12:44]} {[%emt 00:04:48]}
exd5 {[%clk 01:20:26]} {[%emt 00:04:02]} 10. cxd5 {[%clk 01:06:51]} {[%emt
00:06:23]} Nbd7 {[%clk 01:16:50]} {[%emt 00:04:06]} 11. d6 {[%clk 01:03:20]}
{[%emt 00:04:01]} Qb6 {[%clk 01:10:57]} {[%emt 00:06:22]} 12. Nb5 {[%clk
01:01:54]} {[%emt 00:01:56]} Qxd4 {[%clk 01:08:58]} {[%emt 00:02:30]} 13. Bxd4
{[%clk 01:00:59]} {[%emt 00:01:25]} Kd8 {[%clk 01:06:37]} {[%emt 00:02:50]} 14.
Rd1 {[%clk 00:46:52]} {[%emt 00:14:37]} a6 {[%clk 01:03:17]} {[%emt 00:03:51]}
15. Nc3 {[%clk 00:46:05]} {[%emt 00:01:17]} Ne8 {[%clk 01:02:18]} {[%emt
00:01:29]} 16. h4 {[%clk 00:34:16]} {[%emt 00:12:18]} h5 {[%clk 01:00:03]}
{[%emt 00:02:46]} 17. Nge2 {[%clk 00:33:16]} {[%emt 00:01:30]} Rg8 {[%clk
00:49:57]} {[%emt 00:10:35]} 18. Nf4 {[%clk 00:32:19]} {[%emt 00:01:27]} hxg4
{[%clk 00:49:18]} {[%emt 00:01:09]} 19. Nxg6 {[%clk 00:31:38]} {[%emt
00:01:12]} fxg6 {[%clk 00:49:39]} {[%emt 00:00:08]} 20. fxg4 {[%clk 00:29:39]}
{[%emt 00:02:29]} Bxd6 {[%clk 00:48:40]} {[%emt 00:01:29]} 21. Bd3 {[%clk
00:26:38]} {[%emt 00:03:30]} Bg3+ {[%clk 00:41:17]} {[%emt 00:07:54]} 22. Ke2
{[%clk 00:24:19]} {[%emt 00:02:50]} Nef6 {[%clk 00:33:42]} {[%emt 00:08:05]} 23.
Kf3 {[%clk 00:21:19]} {[%emt 00:03:29]} Be5 {[%clk 00:31:45]} {[%emt 00:02:28]}
24. Bxg6 {[%clk 00:20:12]} {[%emt 00:01:36]} Kc7 {[%clk 00:30:53]} {[%emt
00:01:22]} 25. Rhe1 {[%clk 00:16:40]} {[%emt 00:04:02]} Bxd4 {[%clk 00:28:58]}
{[%emt 00:02:25]} 26. Rxd4 {[%clk 00:17:05]} {[%emt 00:00:05]} Rad8 {[%clk
00:27:23]} {[%emt 00:02:06]} 27. Kg3 {[%clk 00:13:54]} {[%emt 00:03:40]} b5
{[%clk 00:21:00]} {[%emt 00:06:53]} 28. g5 {[%clk 00:13:04]} {[%emt 00:01:20]}
Ne8 {[%clk 00:20:43]} {[%emt 00:00:48]} 29. Nd5+ {[%clk 00:12:42]} {[%emt
00:00:51]} Kb8 {[%clk 00:20:34]} {[%emt 00:00:39]} 30. Ne7 {[%clk 00:13:00]}
{[%emt 00:00:11]}  1-0

[Event "1st 4NCL Easter Congress"]
[Site "Stevenage"]
[Date "2019.04.21"]
[Round "4"]
[Board "14"]
[White "Stannard, Anthony S"]
[Black "Hutchinson, Norman A"]
[Result "1-0"]
[WhiteElo "1916"]
[BlackElo "2041"]
[PlyCount "0"]
[EventDate "2019.04.19"]
[EventRounds "7"]
[EventCountry "ENG"]

1. e4 {[%emt 00:31:46]} c6 {[%emt 00:00:08]} 2. c4 {[%emt 00:00:23]} d5 {[%emt
00:00:10]} 3. cxd5 {[%emt 00:00:06]} cxd5 {[%emt 00:00:14]} 4. exd5 {[%emt
00:00:08]} Nf6 {[%emt 00:00:20]} 5. Nc3 {[%emt 00:00:11]} Nxd5 {[%emt
00:00:06]} 6. Nf3 {[%emt 00:00:07]} Nc6 {[%emt 00:00:42]} 7. Bc4 {[%emt
00:02:30]} e6 {[%emt 00:00:14]} 8. d4 {[%emt 00:01:07]} Bb4 {[%emt 00:04:24]} 9.
Qd3 {[%emt 00:02:25]} a6 {[%emt 00:04:28]} 10. O-O {[%emt 00:03:16]} Nce7
{[%emt 00:02:25]} 11. a3 {[%emt 00:14:08]} Ba5 {[%emt 00:02:07]} 12. Bg5 {[%emt
00:03:25]} Bxc3 {[%emt 00:06:36]} 13. bxc3 {[%emt 00:00:16]} Qc7 {[%emt
00:00:56]} 14. Rfe1 {[%emt 00:14:02]} O-O {[%emt 00:00:51]} 15. Ba2 {[%emt
00:06:18]} h6 {[%emt 00:10:28]} 16. Bd2 {[%emt 00:01:04]} Rd8 {[%emt 00:07:02]}
17. c4 {[%emt 00:06:37]} Nf4 {[%emt 00:02:59]} 18. Qe4 {[%emt 00:00:57]} Nfg6
{[%emt 00:00:08]} 19. h4 {[%emt 00:04:42]} Qc6 {[%emt 00:03:13]} 20. Qe2 {[%emt
00:01:39]} Nf5 {[%emt 00:06:10]} 21. h5 {[%emt 00:02:57]} Nf8 {[%emt 00:00:12]}
22. d5 {[%emt 00:09:00]} exd5 {[%emt 00:14:27]} 23. cxd5 {[%emt 00:00:18]} Qf6
{[%emt 00:00:34]} 24. Bb4 {[%emt 00:08:01]} Bd7 {[%emt 00:05:14]} 25. Qd2
{[%emt 00:02:11]} Rac8 {[%emt 00:06:02]} 26. Rac1 {[%emt 00:03:30]} Re8 {[%emt
00:04:30]} 27. Bc3 {[%emt 00:01:16]} Rxe1+ {[%emt 00:02:43]} 28. Qxe1 {[%emt
00:00:12]} Qe7 {[%emt 00:03:01]} 29. Qxe7 {[%emt 00:08:53]} Nxe7 {[%emt
00:00:05]} 30. Ne5 {[%emt 00:00:10]} Nf5 {[%emt 00:01:32]} 31. Nxd7 {[%emt
00:01:24]} Nxd7 {[%emt 00:00:21]} 32. Bd2 {[%emt 00:00:26]} Rxc1+ 33. Bxc1
{[%emt 00:00:49]} Kf8 {[%emt 00:03:45]} 34. Bf4 {[%emt 00:02:03]} Nf6 {[%emt
00:02:06]} 35. Bc7 {[%emt 00:01:47]} Ne8 {[%emt 00:01:16]} 36. Be5 {[%emt
00:00:35]} f6 {[%emt 00:01:11]} 37. Bc3 {[%emt 00:01:03]} Ke7 {[%emt 00:00:19]}
38. g4 {[%emt 00:00:59]} Nfd6 {[%emt 00:00:23]} 39. f3 {[%emt 00:00:21]} Kd7
{[%emt 00:01:53]} 40. Kf2 {[%emt 00:00:19]} Nf7 {[%emt 00:01:28]} 41. Ke3
{[%emt 00:00:24]} Ned6 {[%emt 00:00:53]} 42. a4 {[%emt 00:00:45]} b5 {[%emt
00:00:49]} 43. axb5 {[%emt 00:00:15]} axb5 {[%emt 00:00:13]} 44. f4 {[%emt
00:00:42]} Nd8 {[%emt 00:00:48]} 45. Kd4 {[%emt 00:00:40]} N8b7 {[%emt
00:00:12]} 46. Bb4 {[%emt 00:00:24]} Ke7 {[%emt 00:00:32]} 47. Bb1 {[%emt
00:00:18]} Kd7 {[%emt 00:00:09]} 48. Bd3 {[%emt 00:00:10]} Kc7 {[%emt
00:00:34]} 49. Bxd6+ {[%emt 00:00:33]} Kxd6 {[%emt 00:00:46]} 50. Bxb5 {[%emt
00:00:07]} Nc5 {[%emt 00:00:18]} 51. Bc6 {[%emt 00:00:27]} Na6 {[%emt
00:00:19]} 52. Ke4 {[%emt 00:00:12]} Nc5+ {[%emt 00:00:46]} 53. Kf5 {[%emt
00:00:20]} Ke7 {[%emt 00:00:38]} 54. Kg6 {[%emt 00:00:21]} Nd3 {[%emt
00:00:17]} 55. Kxg7 {[%emt 00:00:32]} Nxf4 {[%emt 00:00:22]} 56. Kxh6 {[%emt
00:00:06]} Nd3 {[%emt 00:01:22]} 57. Kg7 {[%emt 00:01:06]}  1-0